கொள்கை வீரர்கள் ஜியார்டானொ புரூனோ கலீலியோ டைகோ பிராகி/

Saved in:
Bibliographic Details
Main Author: சிவகுமார்,செல்வி
Format: Book
Language:English
Tamil
Published: சென்னை: Coral, 2019.
Subjects:
Tags: Add Tag
No Tags, Be the first to tag this record!

MARC

LEADER 00000nam a22000007a 4500
005 20260331123600.0
008 260331b |||||||| |||| 00| 0 eng d
020 |a 9789390107162 
041 |a tam 
082 |a 925.2  |b சிவகு 
100 |a சிவகுமார்,செல்வி   |9 116830 
245 |a கொள்கை வீரர்கள் ஜியார்டானொ புரூனோ கலீலியோ டைகோ பிராகி/  |c செல்வி சிவகுமார் 
260 |a சென்னை:  |b Coral,  |c 2019. 
300 |a 87பக்  |c 21.5cm 
500 |a Purchase 
650 |a புவியியல் வாழ்க்கை வரலாறு விஞ்ஞானி  |9 116831 
942 |c REF 
999 |c 70891  |d 70891